Bài tập toán 9 T.2
Na minha lista:
| Autor principal: | |
|---|---|
| Outros Autores: | |
| Formato: | Livro |
| Idioma: | Undetermined |
| Publicado em: |
H.
Giáo dục
2005
|
| Assuntos: | |
| Acesso em linha: | http://lrc.tdmu.edu.vn/opac/search/detail.asp?aID=2&ID=4965 |
| Tags: |
Adicionar Tag
Sem tags, seja o primeiro a adicionar uma tag!
|
| Thư viện lưu trữ: | Trung tâm Học liệu Trường Đại học Thủ Dầu Một |
|---|
| LEADER | 00656nam a2200217Ia 4500 | ||
|---|---|---|---|
| 001 | TDMU_4965 | ||
| 008 | 210410s9999 xx 000 0 und d | ||
| 082 | |a 510.76 | ||
| 090 | |b NG527 | ||
| 100 | |a Nguyễn, Đức Chính | ||
| 245 | 0 | |a Bài tập toán 9 | |
| 245 | 0 | |c Nguyễn Đức Chính | |
| 245 | 0 | |n T.2 | |
| 260 | |a H. | ||
| 260 | |b Giáo dục | ||
| 260 | |c 2005 | ||
| 300 | |a 164tr | ||
| 650 | |a Sách lớp 9 |v Bài tập; Toán |x Dạy và học | ||
| 700 | |a Tôn, Thân | ||
| 856 | |u http://lrc.tdmu.edu.vn/opac/search/detail.asp?aID=2&ID=4965 | ||
| 980 | |a Trung tâm Học liệu Trường Đại học Thủ Dầu Một | ||